Portál laboratória pre virtuálne mechatronické experimenty

Saved in:
Bibliographic Details
Main Author: Koiš, Roman (Author)
Other Authors: Matišák, Jakub (Thesis advisor)
Format: Manuscript Book
Language:Slovak
Published: 2025
Subjects:
Online Access:http://is.stuba.sk/zp/portal_zp.pl?podrobnosti=184399
Tags: Add Tag
No Tags, Be the first to tag this record!

MARC

LEADER 00000ntm a22000003a 4500
001 stuzp100929
003 SK-STU
005 20250614210746.1
007 ta
008 150427s2015----xo-----f-mn---000-0-slo-d
040 |a STU  |b slo 
041 0 |a slo 
100 1 |a Koiš, Roman  |u 030400  |4 aut  |U FEI Fakulta elektrotechniky a informatiky  |T FEI Ústav automobilovej mechatroniky  |X 112224  |U E400  |Y 642  |7 112224 
242 0 1 |a Laboratory portal for virtual mechatronic experiments  |y eng 
245 1 0 |a Portál laboratória pre virtuálne mechatronické experimenty 
260 |c 2025 
650 4 |a 3D visualization,  |2 eng 
650 4 |a web  |2 eng 
650 4 |a simulation  |2 eng 
650 4 |a virtual laboratory  |2 eng 
650 4 |a 3D vizualizácie  |2 slo 
650 4 |a virtuálne laboratórium  |2 slo 
650 4 |a simulácia  |2 slo 
650 4 |a web  |2 slo 
700 1 |a Matišák, Jakub  |u 030400  |k Z8  |4 ths  |U FEI Fakulta elektrotechniky a informatiky  |T FEI Ústav automobilovej mechatroniky  |X 64208  |U E400  |Y 642  |7 64208 
856 4 |u http://is.stuba.sk/zp/portal_zp.pl?podrobnosti=184399